[Event "DEN-ch"]
[Site "Svendborg"]
[Date "2021.10.20"]
[Round "5"]
[White "Fries Nielsen, Jens Ove"]
[Black "Antonsen, Mikkel"]
[Result "1-0"]
[WhiteElo "2378"]
[BlackElo "2409"]
[PlyCount "85"]
[EventDate "2021.10.16"]
[EventType "tourn"]
[EventRounds "9"]
[EventCountry "DEN"]
[EventCategory "9"]
[SourceTitle "CBM 204 Extra"]
[Source "ChessBase"]
[SourceDate "2021.11.30"]
[SourceVersion "1"]
[SourceVersionDate "2021.11.30"]
[SourceQuality "1"]

1. Nf3 Nf6 2. g3 d5 3. Bg2 e6 4. c4 Be7 5. Qa4+ Bd7 6. Qc2 c5 7. Ne5 Nc6 8. Nxd7 Qxd7 9. d3 d4 10. 0-0 h5 11. h3 e5 12. a3 h4 13. g4 Nh7 14. b4 g6 15. f4 exf4 16. Bxf4 0-0 17. bxc5 Bg5 18. Nd2 Bxf4 19. Rxf4 Ng5 20. Ne4 Nxe4 21. Bxe4 Nd8 22. Qd2 Ne6 23. Rf6 Qc7 24. Raf1 Qg3+ 25. Bg2 Kg7 26. R1f3 Qe5 27. Rf1 Qg3 28. R1f3 Qe5 29. Rf1 Rae8 30. c6 bxc6 31. Bxc6 Re7 32. Kh1 Rb8 33. Bd5 Ng5 34. Bg2 Qe3 35. Qe1 Rb2 36. Qxh4 Rxe2 37. R6f4 Qe5 38. Rf5 gxf5 39. Qxg5+ Kf8 40. gxf5 f6 41. Qh6+ Rg7 42. Rg1 Re1 43. Bf1 1-0

[Event "DEN-ch"]
[Site "Svendborg"]
[Date "2021.10.19"]
[Round "4"]
[White "Antonsen, Mikkel"]
[Black "Thybo, Jesper Sondergaard"]
[Result "0-1"]
[WhiteElo "2409"]
[BlackElo "2602"]
[PlyCount "98"]
[EventDate "2021.10.16"]
[EventType "tourn"]
[EventRounds "9"]
[EventCountry "DEN"]
[EventCategory "9"]
[SourceTitle "CBM 204 Extra"]
[Source "ChessBase"]
[SourceDate "2021.11.30"]
[SourceVersion "1"]
[SourceVersionDate "2021.11.30"]
[SourceQuality "1"]

1. c4 c5 2. Nf3 Nf6 3. Nc3 e6 4. g3 d5 5. cxd5 exd5 6. d4 Nc6 7. Bg2 cxd4 8. Nxd4 Bc5 9. Nb3 Bb6 10. 0-0 d4 11. Na4 0-0 12. Nxb6 axb6 13. Bxc6 bxc6 14. Qxd4 Qc7 15. Bg5 c5 16. Qf4 Qc6 17. Qf3 Nd5 18. e4 Nc7 19. Nd2 Ne6 20. Be3 Bb7 21. Qf5 Rfd8 22. f3 Qb5 23. Qe5 Rd3 24. Rfe1 Re8 25. a4 Qd7 26. Nc4 Nd4 27. Qf4 Nc2 28. Nxb6 Qd8 29. Bxc5 Nxa1 30. Rxa1 Rd1+ 31. Rxd1 Qxd1+ 32. Kg2 Ba6 33. g4 Bf1+ 34. Kg3 Qe2 35. Bf2 Qxb2 36. g5 h6 37. h4 hxg5 38. hxg5 Qb3 39. Nd5 Bc4 40. Nb6 Be2 41. Qe3 Qd1 42. Nd5 Bc4 43. Nf4 Re5 44. Nh5 f6 45. f4 Re8 46. Qc5 Bf7 47. Nxg7 Kxg7 48. gxf6+ Kh8 49. Qf5 Qd3+ 0-1

[Event "DEN-ch"]
[Site "Svendborg"]
[Date "2021.10.16"]
[Round "1"]
[White "Hansen, Sune Berg"]
[Black "Antonsen, Mikkel"]
[Result "1-0"]
[WhiteElo "2528"]
[BlackElo "2409"]
[PlyCount "55"]
[EventDate "2021.10.16"]
[EventType "tourn"]
[EventRounds "9"]
[EventCountry "DEN"]
[EventCategory "9"]
[SourceTitle "CBM 204 Extra"]
[Source "ChessBase"]
[SourceDate "2021.11.30"]
[SourceVersion "1"]
[SourceVersionDate "2021.11.30"]
[SourceQuality "1"]

1. Nf3 Nf6 2. g3 g6 3. Bg2 Bg7 4. 0-0 0-0 5. d4 d5 6. c4 c6 7. Qb3 Qb6 8. Nc3 Rd8 9. Bd2 dxc4 10. Qxc4 Na6 11. e4 Bg4 12. Ng5 e6 13. Be3 h6 14. Nf3 Nd7 15. Rfc1 Qxb2 16. Rab1 Nb6 17. Qf1 Qa3 18. Ne5 Bh5 19. f4 Qe7 20. h3 f5 21. a4 Rab8 22. a5 Nd7 23. Rxb7 Rxb7 24. Nxc6 Qa3 25. Nxd8 Rc7 26. Qxa6 Rxc3 27. Qxe6+ Kh7 28. Qxd7 1-0

[Event "Copenhagen CC GM"]
[Site "Ballerup"]
[Date "2021.08.07"]
[Round "7"]
[White "Antonsen, Mikkel"]
[Black "Hector, Jonny"]
[Result "1/2-1/2"]
[WhiteElo "2407"]
[BlackElo "2465"]
[PlyCount "85"]
[EventDate "2021.08.04"]
[EventType "tourn"]
[EventRounds "9"]
[EventCountry "DEN"]
[EventCategory "7"]
[SourceTitle "CBM 203 Extra"]
[Source "ChessBase"]
[SourceDate "2021.09.30"]
[SourceVersion "1"]
[SourceVersionDate "2021.09.30"]
[SourceQuality "1"]

1. d4 d5 2. c4 c6 3. Nf3 Nf6 4. e3 Bf5 5. Nc3 e6 6. Nh4 Be7 7. Nxf5 exf5 8. cxd5 cxd5 9. Bd3 g6 10. 0-0 Nc6 11. a3 Bd6 12. h3 Rc8 13. g4 fxg4 14. hxg4 h5 15. g5 Ng4 16. f4 Bb8 17. Qb3 Ne7 18. Qxb7 0-0 19. Bd2 f6 20. gxf6 Rxf6 21. Na4 Bd6 22. Rac1 Rb8 23. Qxa7 Rb3 24. Rc3 Bb8 25. Qa8 Rxc3 26. Nxc3 Re6 27. Rf3 Kg7 28. Rh3 Qb6 29. b4 Nxe3 30. Na4 Qd6 31. Nc5 Nc4 32. Bxc4 dxc4 33. Nxe6+ Qxe6 34. Re3 Qg4+ 35. Qg2 Qd7 36. Rxe7+ Qxe7 37. f5 Qf6 38. Qxg6+ Qxg6+ 39. fxg6 Kxg6 40. a4 Ba7 41. a5 Bxd4+ 42. Kg2 c3 43. Bxc3 1/2-1/2

[Event "Copenhagen CC GM"]
[Site "Ballerup"]
[Date "2021.08.06"]
[Round "4"]
[White "Antonsen, Mikkel"]
[Black "Blomqvist, Erik"]
[Result "1/2-1/2"]
[WhiteElo "2407"]
[BlackElo "2537"]
[PlyCount "110"]
[EventDate "2021.08.04"]
[EventType "tourn"]
[EventRounds "9"]
[EventCountry "DEN"]
[EventCategory "7"]
[SourceTitle "CBM 203 Extra"]
[Source "ChessBase"]
[SourceDate "2021.09.30"]
[SourceVersion "1"]
[SourceVersionDate "2021.09.30"]
[SourceQuality "1"]

1. d4 Nf6 2. c4 e6 3. Nf3 Bb4+ 4. Bd2 Bxd2+ 5. Qxd2 d5 6. e3 0-0 7. Nc3 Qe7 8. Qc2 dxc4 9. Bxc4 c5 10. 0-0 Nc6 11. Rad1 b6 12. Ne4 Nxe4 13. Qxe4 Bb7 14. Bd3 g6 15. dxc5 Qxc5 16. Qh4 Kg7 17. Be4 Rad8 18. Rxd8 Nxd8 19. Rd1 Qc4 20. Bxb7 Qxh4 21. Nxh4 Nxb7 22. Rd7 Rd8 23. Rxd8 Nxd8 24. Nf3 Nc6 25. Kf1 e5 26. Ke2 f5 27. Nd2 e4 28. f3 exf3+ 29. gxf3 g5 30. Nc4 Kf6 31. f4 g4 32. e4 fxe4 33. Ke3 Nb4 34. a3 Nd3 35. Kxe4 Nc5+ 36. Ke3 Ke6 37. Kd4 Kf5 38. Ke3 Ne4 39. Ne5 Nf6 40. Nc6 Nd5+ 41. Kd4 Nxf4 42. Nxa7 h5 43. Nc8 h4 44. Nd6+ Ke6 45. Ne4 Nh5 46. a4 Nf6 47. Nxf6 Kxf6 48. Ke3 Ke5 49. b4 Kd5 50. a5 bxa5 51. bxa5 Kc5 52. Kf4 g3 53. hxg3 hxg3 54. Kxg3 Kb5 55. a6 Kxa6 1/2-1/2

[Event "Aarhus Chess House Summer"]
[Site "Aarhus"]
[Date "2021.07.28"]
[Round "4"]
[White "Ramsdal, Jens Albert"]
[Black "Antonsen, Mikkel"]
[Result "0-1"]
[WhiteElo "2282"]
[BlackElo "2407"]
[PlyCount "46"]
[EventDate "2021.07.26"]
[EventType "swiss"]
[EventRounds "9"]
[EventCountry "DEN"]
[SourceTitle "CBM 203 Extra"]
[Source "ChessBase"]
[SourceDate "2021.09.30"]
[SourceVersion "1"]
[SourceVersionDate "2021.09.30"]
[SourceQuality "1"]

1. d4 Nf6 2. c4 e6 3. Nf3 d5 4. g3 dxc4 5. Bg2 c6 6. Ne5 Bb4+ 7. Bd2 Be7 8. e3 b5 9. Nxc6 Nxc6 10. Bxc6+ Bd7 11. Bxa8 Qxa8 12. f3 e5 13. 0-0 exd4 14. exd4 0-0 15. b3 Qd5 16. Be3 Bh3 17. Nc3 Qf5 18. Re1 Bb4 19. Rc1 Rc8 20. Bf2 cxb3 21. Re5 b2 22. Rxf5 Bxf5 23. Ne2 Rxc1 0-1

[Event "Aarhus Chess House Summer"]
[Site "Aarhus"]
[Date "2021.07.26"]
[Round "1"]
[White "Antonsen, Mikkel"]
[Black "Olsson, William"]
[Result "0-1"]
[WhiteElo "2407"]
[BlackElo "2221"]
[PlyCount "90"]
[EventDate "2021.07.26"]
[EventType "swiss"]
[EventRounds "9"]
[EventCountry "DEN"]
[SourceTitle "CBM 203 Extra"]
[Source "ChessBase"]
[SourceDate "2021.09.30"]
[SourceVersion "1"]
[SourceVersionDate "2021.09.30"]
[SourceQuality "1"]

1. d4 d5 2. c4 c6 3. Nf3 Nf6 4. e3 Bf5 5. Nc3 e6 6. Nh4 Bg6 7. Be2 Nbd7 8. 0-0 Bd6 9. g3 0-0 10. Nxg6 hxg6 11. Qb3 Rb8 12. Rd1 Qe7 13. Qc2 dxc4 14. Bxc4 c5 15. Nb5 cxd4 16. exd4 Ra8 17. Bg5 a6 18. Nc3 Rfc8 19. Bb3 Qf8 20. Qe2 Rc7 21. Rd3 Re8 22. Re1 b5 23. Rf3 Bb4 24. Re3 Rec8 25. Qf3 Kh8 26. g4 Bxc3 27. bxc3 Nh7 28. Bf4 Rc6 29. g5 Nb6 30. Qh3 a5 31. a4 bxa4 32. Ba2 a3 33. Qf3 Qd8 34. Rd3 Nxg5 35. Qg3 Nh7 36. Re4 Nd5 37. Bd2 Ndf6 38. Re5 Qb6 39. Bc1 Nd5 40. Rxd5 exd5 41. Bxa3 Qc7 42. Bxd5 Rxc3 43. Rxc3 Qxc3 44. Qxc3 Rxc3 45. Bc5 Ng5 0-1

[Event "DEN Club Cup"]
[Site "Koge"]
[Date "2021.06.26"]
[Round "3.6"]
[White "Antonsen, Mikkel"]
[Black "Andersen, Soren Mikkel"]
[Result "1-0"]
[WhiteElo "2397"]
[BlackElo "2117"]
[PlyCount "49"]
[EventDate "2021.06.25"]
[EventType "team-tourn"]
[EventRounds "5"]
[EventCountry "DEN"]
[SourceTitle "EXT 2023"]
[Source "ChessBase"]
[SourceDate "2022.10.05"]
[SourceVersion "1"]
[SourceVersionDate "2022.10.05"]
[SourceQuality "1"]
[WhiteTeam "Koge Xtracon"]
[BlackTeam "Bronshoj"]
[WhiteTeamCountry "DEN"]
[BlackTeamCountry "DEN"]

1. d4 d5 2. c4 c6 3. Nf3 Nf6 4. e3 e6 5. Bd3 Nbd7 6. 0-0 Bd6 7. Nbd2 0-0 8. e4 dxe4 9. Nxe4 Nxe4 10. Bxe4 c5 11. Bc2 cxd4 12. Qd3 g6 13. Qxd4 Be7 14. h4 Bf6 15. Qf4 e5 16. Qg3 Re8 17. Ng5 Nc5 18. h5 e4 19. hxg6 fxg6 20. Be3 Re5 21. Rad1 Qa5 22. a3 Nd3 23. c5 Bf5 24. Bb3+ Kg7 25. Nf7 1-0

[Event "Copenhagen CC"]
[Site "Ballerup"]
[Date "2020.07.25"]
[Round "6"]
[White "Rostgaard, Tobias Valentin"]
[Black "Antonsen, Mikkel"]
[Result "0-1"]
[WhiteElo "2372"]
[BlackElo "2376"]
[PlyCount "76"]
[EventDate "2020.07.22"]
[EventType "tourn"]
[EventRounds "9"]
[EventCountry "DEN"]
[EventCategory "9"]
[SourceTitle "CBM 197 Extra"]
[Source "ChessBase"]
[SourceDate "2020.09.30"]
[SourceVersion "1"]
[SourceVersionDate "2020.09.30"]
[SourceQuality "1"]

1. Nf3 d5 2. g3 g6 3. Bg2 Bg7 4. 0-0 Nf6 5. d3 0-0 6. Nc3 d4 7. Nb5 Nc6 8. c4 e5 9. Na3 e4 10. dxe4 Nxe4 11. Ne1 Re8 12. Nd3 Bf5 13. Bf4 g5 14. Bc1 h6 15. Re1 Qe7 16. Nc2 Rad8 17. f3 Nc5 18. b3 Nxd3 19. exd3 Qd6 20. f4 Qg6 21. Bf1 gxf4 22. Bxf4 Ne5 23. Bxe5 Bxe5 24. Qf3 h5 25. Rad1 Bg4 26. Qxb7 Bxd1 27. Rxd1 h4 28. Rd2 Bf4 29. Rg2 h3 30. gxf4 hxg2 31. Qxg2 Qxg2+ 32. Kxg2 f5 33. Kf2 Kf7 34. Ne1 Kf6 35. Nf3 c5 36. h3 a5 37. Bg2 Re3 38. Bf1 a4 0-1

[Event "Copenhagen CC"]
[Site "Ballerup"]
[Date "2020.07.24"]
[Round "5"]
[White "Antonsen, Mikkel"]
[Black "Olsen, Filip Boe"]
[Result "1-0"]
[WhiteElo "2376"]
[BlackElo "2353"]
[PlyCount "53"]
[EventDate "2020.07.22"]
[EventType "tourn"]
[EventRounds "9"]
[EventCountry "DEN"]
[EventCategory "9"]
[SourceTitle "CBM 197 Extra"]
[Source "ChessBase"]
[SourceDate "2020.09.30"]
[SourceVersion "1"]
[SourceVersionDate "2020.09.30"]
[SourceQuality "1"]

1. c4 c6 2. d4 d5 3. Nf3 Nf6 4. e3 e6 5. Bd3 Nbd7 6. Nbd2 Bd6 7. 0-0 0-0 8. e4 dxe4 9. Nxe4 Nxe4 10. Bxe4 Nf6 11. Bc2 c5 12. Bg5 h6 13. Bh4 cxd4 14. Qxd4 g5 15. Rad1 Bxh2+ 16. Kxh2 Qxd4 17. Rxd4 gxh4 18. Ne5 b6 19. Rfd1 Bb7 20. Rxh4 Kg7 21. Rd3 Rh8 22. Rg3+ Kf8 23. Rf4 Ke7 24. Rg7 Rhg8 25. Rxf7+ Kd6 26. R4xf6 Kxe5 27. f4+ 1-0

[Event "Copenhagen CC"]
[Site "Ballerup"]
[Date "2020.07.22"]
[Round "1"]
[White "Antonsen, Mikkel"]
[Black "Johansson, Linus"]
[Result "1-0"]
[WhiteElo "2376"]
[BlackElo "2491"]
[PlyCount "91"]
[EventDate "2020.07.22"]
[EventType "tourn"]
[EventRounds "9"]
[EventCountry "DEN"]
[EventCategory "9"]
[SourceTitle "CBM 197 Extra"]
[Source "ChessBase"]
[SourceDate "2020.09.30"]
[SourceVersion "1"]
[SourceVersionDate "2020.09.30"]
[SourceQuality "1"]

1. c4 Nf6 2. Nc3 e5 3. Nf3 Nc6 4. e4 Bc5 5. Nxe5 Nxe5 6. d4 Bb4 7. dxe5 Nxe4 8. Qf3 Nxc3 9. bxc3 Ba5 10. Be2 d6 11. Qg3 Qe7 12. exd6 cxd6 13. Qxg7 Qe5 14. Qxe5+ dxe5 15. Bd2 Be6 16. 0-0 Rc8 17. Rab1 b6 18. Rfe1 0-0 19. Bf1 f6 20. Bh6 Rfd8 21. Re3 Kf7 22. Rg3 Rg8 23. Rxg8 Kxg8 24. Rd1 Kf7 25. Rd3 Kg6 26. Bd2 Bxc4 27. Rd7 a6 28. Ra7 Bxa2 29. Bd3+ f5 30. g4 Be6 31. Re7 e4 32. Rxe6+ Kf7 33. Bxa6 Rg8 34. Rc6 Rxg4+ 35. Kf1 f4 36. Bc4+ Kg7 37. Be6 Rh4 38. h3 b5 39. Bg4 h5 40. Bf5 e3 41. fxe3 fxe3 42. Bxe3 Bd8 43. Bd4+ Kf8 44. Ke2 Rf4 45. Bd3 Rh4 46. Rc8 1-0

[Event "Gilleleje Xtracon"]
[Site "Gilleleje"]
[Date "2020.01.18"]
[Round "8"]
[White "Antonsen, Mikkel"]
[Black "Kristensen, Kaare Hove"]
[Result "1/2-1/2"]
[WhiteElo "2384"]
[BlackElo "2350"]
[PlyCount "100"]
[EventDate "2020.01.13"]
[EventType "tourn"]
[EventRounds "9"]
[EventCountry "DEN"]
[EventCategory "9"]
[SourceTitle "CBM 194 Extra"]
[Source "ChessBase"]
[SourceDate "2020.03.31"]
[SourceVersion "1"]
[SourceVersionDate "2020.03.31"]
[SourceQuality "1"]

1. Nf3 Nf6 2. g3 c5 3. Bg2 Nc6 4. 0-0 d5 5. d4 e6 6. c4 dxc4 7. dxc5 Qxd1 8. Rxd1 Bxc5 9. Nbd2 c3 10. bxc3 0-0 11. Nb3 Be7 12. c4 Bd7 13. Bb2 Rfd8 14. Nfd4 Rac8 15. Nb5 Be8 16. c5 Nb4 17. Nd6 Bxd6 18. cxd6 Bc6 19. Rac1 Bxg2 20. Kxg2 Rxc1 21. Rxc1 h6 22. e4 Nd3 23. Bxf6 gxf6 24. Rc7 Rxd6 25. Rxb7 Ra6 26. Rd7 Nb4 27. Rd4 Nxa2 28. Nc5 Rc6 29. Nd3 Nc3 30. e5 fxe5 31. Rd8+ Kg7 32. Rd7 Kf6 33. Rxf7+ Kxf7 34. Nxe5+ Kf6 35. Nxc6 a6 36. f4 Nd5 37. Kf3 Ne7 38. Na5 h5 39. g4 hxg4+ 40. Kxg4 Nf5 41. h4 Kg6 42. Nc4 Nh6+ 43. Kf3 Nf5 44. Kg4 Ne7 45. Kf3 Nc6 46. Ke4 a5 47. h5+ Kf6 48. h6 a4 49. h7 Kg7 50. f5 exf5+ 1/2-1/2

[Event "Gilleleje Xtracon"]
[Site "Gilleleje"]
[Date "2020.01.14"]
[Round "3"]
[White "Antonsen, Mikkel"]
[Black "Hector, Jonny"]
[Result "1-0"]
[WhiteElo "2384"]
[BlackElo "2481"]
[PlyCount "83"]
[EventDate "2020.01.13"]
[EventType "tourn"]
[EventRounds "9"]
[EventCountry "DEN"]
[EventCategory "9"]
[SourceTitle "CBM 194 Extra"]
[Source "ChessBase"]
[SourceDate "2020.03.31"]
[SourceVersion "1"]
[SourceVersionDate "2020.03.31"]
[SourceQuality "1"]

1. d4 d5 2. Nf3 Nf6 3. c4 c6 4. e3 Bf5 5. Nc3 e6 6. Nh4 Be4 7. f3 Bg6 8. Qb3 Qc7 9. Bd2 Be7 10. cxd5 cxd5 11. Nxg6 hxg6 12. 0-0-0 Nc6 13. Kb1 a6 14. Rc1 Rc8 15. g4 Nd7 16. f4 b5 17. Qd1 Nb6 18. h4 Nc4 19. h5 gxh5 20. f5 Qd6 21. fxe6 fxe6 22. gxh5 N6a5 23. b3 Qb4 24. Be1 Na3+ 25. Ka1 Qd6 26. Ne2 Nc6 27. Nf4 Bf6 28. Bh3 Bxd4+ 29. exd4 Qxf4 30. Bxe6 Rc7 31. Rh4 Qf6 32. Rxc6 Rxc6 33. Bxd5 Rc7 34. Re4+ Re7 35. Bb4 Rxe4 36. Bxe4 Qh4 37. Bg6+ Kd7 38. Bxa3 Rb8 39. Bc5 b4 40. Qf1 Rd8 41. Qf7+ Kc6 42. Qe6+ 1-0

[Event "Helsingor Xtracon op"]
[Site "Helsingor"]
[Date "2019.07.24"]
[Round "6"]
[White "Nielsen, Viktor Haarmark"]
[Black "Antonsen, Mikkel"]
[Result "0-1"]
[WhiteElo "2254"]
[BlackElo "2400"]
[PlyCount "60"]
[EventDate "2019.07.20"]
[EventType "swiss"]
[EventRounds "10"]
[EventCountry "DEN"]
[SourceTitle "CBM 191 Extra"]
[Source "ChessBase"]
[SourceDate "2019.09.30"]
[SourceVersion "1"]
[SourceVersionDate "2019.09.30"]
[SourceQuality "1"]

1. d4 Nf6 2. c4 g6 3. g3 c6 4. Bg2 d5 5. Qa4 dxc4 6. Qxc4 Bg7 7. Nf3 0-0 8. 0-0 Bf5 9. Nc3 Nbd7 10. Bg5 Qb6 11. Na4 Qb5 12. Qxb5 cxb5 13. Nc3 b4 14. Nd1 Be4 15. Ne5 Bxg2 16. Kxg2 Nb6 17. Bd2 a5 18. a3 Ne4 19. Be1 b3 20. f3 Nd6 21. e3 Bxe5 22. dxe5 Ndc4 23. Bc3 Na4 24. Bd4 f6 25. Rc1 b5 26. exf6 e5 27. Bc3 Rad8 28. Kf2 Rxf6 29. Be1 Rfd6 30. Ke2 Rxd1 0-1

[Event "Fredericia"]
[Site "Fredericia"]
[Date "2019.06.02"]
[Round "9"]
[White "Antonsen, Mikkel"]
[Black "Pedersen, Nicolai Kvist Brond"]
[Result "1-0"]
[WhiteElo "2423"]
[BlackElo "2325"]
[PlyCount "73"]
[EventDate "2019.05.29"]
[EventType "tourn"]
[EventRounds "9"]
[EventCountry "DEN"]
[EventCategory "4"]
[SourceTitle "CBM 190 Extra"]
[Source "ChessBase"]
[SourceDate "2019.07.15"]
[SourceVersion "1"]
[SourceVersionDate "2019.07.15"]
[SourceQuality "1"]

1. d4 Nf6 2. c4 c6 3. Nf3 d5 4. e3 Bf5 5. Nc3 e6 6. Nh4 Be4 7. f3 Bg6 8. Qb3 Qc7 9. Bd2 Be7 10. Nxg6 hxg6 11. 0-0-0 a6 12. cxd5 cxd5 13. Kb1 Nc6 14. Rc1 Rc8 15. g4 0-0 16. Qd1 Qd7 17. Na4 Nb8 18. Rxc8 Qxc8 19. h4 Nbd7 20. h5 gxh5 21. g5 Nh7 22. e4 g6 23. exd5 exd5 24. f4 f5 25. Qb3 Re8 26. Qxd5+ Kh8 27. Qf7 b5 28. d5 Bxg5 29. fxg5 Ne5 30. Bc3 bxa4 31. Bxa6 Qb8 32. d6 Qa8 33. Re1 Nxg5 34. Qxg6 Ngf3 35. Qh6+ Kg8 36. Bc4+ Nxc4 37. Qg7# 1-0

[Event "Fredericia"]
[Site "Fredericia"]
[Date "2019.06.02"]
[Round "8"]
[White "Fries Nielsen, Niels Jorgen"]
[Black "Antonsen, Mikkel"]
[Result "1/2-1/2"]
[WhiteElo "2328"]
[BlackElo "2423"]
[PlyCount "45"]
[EventDate "2019.05.29"]
[EventType "tourn"]
[EventRounds "9"]
[EventCountry "DEN"]
[EventCategory "4"]
[SourceTitle "CBM 190 Extra"]
[Source "ChessBase"]
[SourceDate "2019.07.15"]
[SourceVersion "1"]
[SourceVersionDate "2019.07.15"]
[SourceQuality "1"]

1. Nf3 d5 2. d4 Nf6 3. c3 g6 4. h3 Bg7 5. Bf4 0-0 6. Nbd2 b6 7. e3 c5 8. Be2 Ba6 9. 0-0 Bxe2 10. Qxe2 Qc8 11. Rfe1 Qa6 12. Qxa6 Nxa6 13. Be5 Nb8 14. e4 dxe4 15. Nxe4 Nxe4 16. Bxg7 Kxg7 17. Rxe4 cxd4 18. Rxd4 Nc6 19. Rc4 Na5 20. Rd4 Nc6 21. Rc4 Na5 22. Rd4 Nc6 23. Rc4 1/2-1/2

[Event "Fredericia"]
[Site "Fredericia"]
[Date "2019.06.01"]
[Round "7"]
[White "Antonsen, Mikkel"]
[Black "Stanford, Maxim Barth"]
[Result "0-1"]
[WhiteElo "2423"]
[BlackElo "2342"]
[PlyCount "72"]
[EventDate "2019.05.29"]
[EventType "tourn"]
[EventRounds "9"]
[EventCountry "DEN"]
[EventCategory "4"]
[SourceTitle "CBM 190 Extra"]
[Source "ChessBase"]
[SourceDate "2019.07.15"]
[SourceVersion "1"]
[SourceVersionDate "2019.07.15"]
[SourceQuality "1"]

1. d4 d5 2. c4 dxc4 3. Nf3 Nf6 4. e3 b5 5. a4 b4 6. Bxc4 e6 7. 0-0 Bb7 8. Nbd2 Nbd7 9. Qe2 Be7 10. e4 0-0 11. e5 Nd5 12. Ne4 h6 13. Bd3 Re8 14. Bd2 c5 15. dxc5 Bxc5 16. Rac1 Bf8 17. Bb5 a6 18. Bc6 Bxc6 19. Rxc6 Nb8 20. Rc4 Qd7 21. b3 Nc6 22. Rb1 Rec8 23. Qd3 Be7 24. Ng3 Kh8 25. Nh5 Bf8 26. Rh4 Nf6 27. Qxd7 Nxd7 28. Re4 Nc5 29. Re3 Rd8 30. Kf1 Rac8 31. Ke2 Nd4+ 32. Nxd4 Rxd4 33. Ng3 Rcd8 34. Be1 a5 35. Rc1 Nd3 36. Rc7 Nf4+ 0-1

[Event "Copenhagen Challenge"]
[Site "Ballerup"]
[Date "2019.05.19"]
[Round "8"]
[White "Strange, Mikkel"]
[Black "Antonsen, Mikkel"]
[Result "0-1"]
[WhiteElo "2368"]
[BlackElo "2423"]
[PlyCount "86"]
[EventDate "2019.05.15"]
[EventType "swiss"]
[EventRounds "9"]
[EventCountry "DEN"]
[SourceTitle "CBM 190 Extra"]
[Source "ChessBase"]
[SourceDate "2019.07.15"]
[SourceVersion "1"]
[SourceVersionDate "2019.07.15"]
[SourceQuality "1"]

1. e4 c5 2. c3 Nf6 3. e5 Nd5 4. d4 cxd4 5. cxd4 Nc6 6. Nf3 d6 7. Bc4 dxe5 8. Bxd5 Qxd5 9. Nc3 Qd6 10. d5 Nd4 11. Nxd4 exd4 12. Qxd4 e5 13. Qd3 Be7 14. Nb5 Qd7 15. d6 0-0 16. Be3 b6 17. Rd1 Bd8 18. 0-0 Bb7 19. Nc3 Rc8 20. f3 Re8 21. Rfe1 Re6 22. Ne4 Bxe4 23. Qxe4 Rxd6 24. Rxd6 Qxd6 25. Qa4 Qc6 26. Qg4 Rc7 27. Rd1 Qe8 28. Bh6 f5 29. Qg3 Rd7 30. Re1 Qg6 31. Be3 Qxg3 32. hxg3 Kf7 33. Kf2 h5 34. Ke2 Rc7 35. Kd3 Bf6 36. Rh1 g6 37. a4 e4+ 38. fxe4 fxe4+ 39. Kxe4 Rc4+ 40. Kd5 Rxa4 41. Rf1 Ke7 42. Rf2 Rb4 43. Bc1 Rd4+ 0-1

[Event "Copenhagen Challenge"]
[Site "Ballerup"]
[Date "2019.05.17"]
[Round "4"]
[White "Burmakin, Vladimir"]
[Black "Antonsen, Mikkel"]
[Result "1-0"]
[WhiteElo "2519"]
[BlackElo "2423"]
[PlyCount "53"]
[EventDate "2019.05.15"]
[EventType "swiss"]
[EventRounds "9"]
[EventCountry "DEN"]
[SourceTitle "CBM 190 Extra"]
[Source "ChessBase"]
[SourceDate "2019.07.15"]
[SourceVersion "1"]
[SourceVersionDate "2019.07.15"]
[SourceQuality "1"]

1. Nf3 d5 2. g3 Nf6 3. c4 e6 4. Bg2 Be7 5. 0-0 0-0 6. Qc2 c5 7. d4 cxd4 8. Nxd4 Qb6 9. Nb3 Nc6 10. Na3 Bd7 11. Be3 d4 12. c5 Bxc5 13. Qxc5 dxe3 14. fxe3 Nd5 15. Nc4 Qb4 16. e4 Nb6 17. Nd6 Na4 18. Qxb4 Nxb4 19. Rfc1 Nxb2 20. Nc5 Bc6 21. a3 Rad8 22. Ndxb7 Bxb7 23. axb4 Ba8 24. Rxa7 Rd4 25. b5 Rc8 26. b6 Rb4 27. Rc7 1-0